<?xml version="1.0" encoding="UTF-8"?><?xml-stylesheet type="text/xsl" href="static/style.xsl"?><OAI-PMH xmlns="http://www.openarchives.org/OAI/2.0/" xmlns:xsi="http://www.w3.org/2001/XMLSchema-instance" xsi:schemaLocation="http://www.openarchives.org/OAI/2.0/ http://www.openarchives.org/OAI/2.0/OAI-PMH.xsd"><responseDate>2026-04-17T15:45:58Z</responseDate><request verb="GetRecord" identifier="oai:www.recercat.cat:10230/48054" metadataPrefix="marc">https://recercat.cat/oai/request</request><GetRecord><record><header><identifier>oai:recercat.cat:10230/48054</identifier><datestamp>2025-12-25T19:56:52Z</datestamp><setSpec>com_2072_6</setSpec><setSpec>col_2072_452954</setSpec></header><metadata><record xmlns="http://www.loc.gov/MARC21/slim" xmlns:dcterms="http://purl.org/dc/terms/" xmlns:xsi="http://www.w3.org/2001/XMLSchema-instance" xmlns:doc="http://www.lyncode.com/xoai" xsi:schemaLocation="http://www.loc.gov/MARC21/slim http://www.loc.gov/standards/marcxml/schema/MARC21slim.xsd">
   <leader>00925njm 22002777a 4500</leader>
   <datafield ind2=" " ind1=" " tag="042">
      <subfield code="a">dc</subfield>
   </datafield>
   <datafield ind2=" " ind1=" " tag="720">
      <subfield code="a">Suja Thauvin, Bruna</subfield>
      <subfield code="e">author</subfield>
   </datafield>
   <datafield ind2=" " ind1=" " tag="260">
      <subfield code="c">2021-07-01T15:41:38Z</subfield>
   </datafield>
   <datafield ind2=" " ind1=" " tag="260">
      <subfield code="c">2021-07-01T15:41:38Z</subfield>
   </datafield>
   <datafield ind2=" " ind1=" " tag="260">
      <subfield code="c">2020</subfield>
   </datafield>
   <datafield ind2=" " ind1=" " tag="520">
      <subfield code="a">Tutora: Pilar Medina-Bravo</subfield>
   </datafield>
   <datafield ind2=" " ind1=" " tag="520">
      <subfield code="a">Treball de fi de Màster Estudis Internacionals sobre Mitjans, Poder i Diversitat</subfield>
   </datafield>
   <datafield ind2=" " ind1=" " tag="520">
      <subfield code="a">El deporte es un espacio socialmente percibido como masculino, y como tal el&#xd;
deporte femenino se ve inferiorizado por medio de las imposiciones sociales de la feminidad&#xd;
hegemónica. Esto se ve reflejado y reproducido por la prensa en general y deportiva en&#xd;
particular. Sin embargo, existen medios digitales alternativos y minoritarios exclusivamente&#xd;
dedicados al deporte femenino así como otros enfocados a producir un periodismo feminista,&#xd;
cuyo contenido no ha sido aún analizado por la academia. A través del análisis crítico del&#xd;
discurso y desde una perspectiva foucauldiana, el presente estudio examina artículos de estos&#xd;
medios y las estrategias discursivas que emplean. Se concluye que estas publicaciones&#xd;
emplean patrones distintos de un medio a otro, pero fundamentalmente todos reproducen en&#xd;
ciertas estrategias discursivas patriarcales y silencian otras. Algunos discursos ocasionalmente&#xd;
son resignificados a favor de la visibilidad y la denuncia, además de complementarse con&#xd;
otros que rompen con dinámicas hegemónicas.</subfield>
   </datafield>
   <datafield tag="653" ind2=" " ind1=" ">
      <subfield code="a">Género</subfield>
   </datafield>
   <datafield tag="653" ind2=" " ind1=" ">
      <subfield code="a">deporte femenino</subfield>
   </datafield>
   <datafield tag="653" ind2=" " ind1=" ">
      <subfield code="a">prensa deportiva</subfield>
   </datafield>
   <datafield tag="653" ind2=" " ind1=" ">
      <subfield code="a">mujeres</subfield>
   </datafield>
   <datafield tag="653" ind2=" " ind1=" ">
      <subfield code="a">feminidad hegemónica</subfield>
   </datafield>
   <datafield tag="653" ind2=" " ind1=" ">
      <subfield code="a">identidades alternativas</subfield>
   </datafield>
   <datafield tag="653" ind2=" " ind1=" ">
      <subfield code="a">medios especializados</subfield>
   </datafield>
   <datafield tag="653" ind2=" " ind1=" ">
      <subfield code="a">análisis foucauldiano</subfield>
   </datafield>
   <datafield tag="653" ind2=" " ind1=" ">
      <subfield code="a">sexismo</subfield>
   </datafield>
   <datafield tag="653" ind2=" " ind1=" ">
      <subfield code="a">rugby</subfield>
   </datafield>
   <datafield tag="653" ind2=" " ind1=" ">
      <subfield code="a">feminismo</subfield>
   </datafield>
   <datafield tag="653" ind2=" " ind1=" ">
      <subfield code="a">análisis crítico del discurso</subfield>
   </datafield>
   <datafield ind2="0" ind1="0" tag="245">
      <subfield code="a">¿Hacia la igualdad en la prensa deportiva?:  Análisis de la representación de las atletas en medios españoles especializados en deporte femenino</subfield>
   </datafield>
</record></metadata></record></GetRecord></OAI-PMH>